000
00359nam a2200121Ia 4500
008
231129s9999||||xx |||||||||||||| ||spa||
020
_a
84-8277-064-0
082
_a
Co863.6 V436t
100
_a
Vélez de Piedrahita Rocío.
245
0
_a
Terrateniente
264
_a
Bogotá : Carlos Valencia editores
942
_2
ddc
_c
BKS
999
_c
25293
_d
25293